000 00800na a2200277 4500
999 _c13078
_d13078
001 16511
003 MIRAKIL
005 20190327135442.0
008 161011b tu 000 0
020 _a9789759786052
035 _a16511
040 _aMilas
_btur
_cTR-AnCHP
041 _atur
082 _a781.62
_bŞ35i 2010
090 _a781.62 Ş35i 2010
100 _aŞenel, Süleyman
245 _aİstanbul çevresi alan araştırmaları
_cSüleyman Şenel
260 _aİstanbul
_bİstanbul 2010 Avrupa Kültür Başkenti Ajansı
_c2010
300 _a2 c.
_bres., nota, tbl.
_c24 sm.
650 _aHalk şarkıları
_x20. yüzyıl
_zİstanbul
650 _aMüzisyenler
_zİstanbul
650 _aHalk müziği
_zİstanbul
942 _2ddc
_cBKS
999 _d13078
999 _d9982